• 首页
  • 本馆介绍
  • 公告通知
  • 最新文献
  • 馆藏检索
  • 电子资源
  • 读者导购
  • 参考咨询
  • 我的图书馆
  • 登录
  • 详细信息显示
  • 放入我的书架
  • 预约/预借图书
  • 作者相关作品
  • 分类相关作品
  • 丛书相关作品
  • 出版社相关作品

书目信息

  • 表格格式
  • 工作单格式
  • 卡片格式
题名:
1000个键盘技巧
    
 
作者: 德莱克斯勒 , 哈尔勒 著 ;北京风华艺校 编译
分册:  
出版信息: 北京   人民音乐出版社  2008.09
页数: 236页
开本: 30cm
丛书名:
单 册:
中图分类: J624.06
科图分类:
主题词: 键盘乐器--奏法 , 键盘乐器 , 奏法
电子资源:
ISBN: 978-7-103-03486-6
000 01079nam0 2200301 450
001 010800012225
005 20091208152453.32
010    @a978-7-103-03486-6@dCNY42.00
100    @a20081112d2008 em y0chiy0110 ea
101 1  @achi@cger
102    @aCN@b110000
105    @aak z 000yy
106    @ar
200 1  @a1000个键盘技巧@91000 ge jian pan ji qiao@f(德)德莱克斯勒,(德)哈尔勒著@g北京风华艺校编译
210    @a北京@c人民音乐出版社@d2008.09
215    @a236页@c图@d30cm@e1光盘
305    @a由德国Voggenreiter出版社授权
307    @a附光盘(未见)
330    @a本书是一本教材,同时又是一本工具书。作为一本教材,它讲解了流行和摇滚音乐风格中最新、最专业的键盘技巧;作为一本词典,它包含了常用调式里所有的音阶与和弦,以及节奏类型和专业术语(乃至更多)。
606 0  @a键盘乐器@x奏法
606 0  @a键盘乐器
606 0  @a奏法
690    @aJ624.06@v4
701  0 @a德莱克斯勒@9de lai ke si le@4著
701  0 @a哈尔勒@9ha er le@4著
712 02 @a北京风华艺校@9bei jing feng hua yi xiao@4编译
801  0 @aCN@bRENTIAN@c20091208
905    @b20796378-82@dJ624.06@e223@f5
    
    1000个键盘技巧/(德)德莱克斯勒,(德)哈尔勒著/北京风华艺校编译.-北京:人民音乐出版社,2008.09
    236页:图;30cm+1光盘
    
    
    ISBN 978-7-103-03486-6:CNY42.00
    本书是一本教材,同时又是一本工具书。作为一本教材,它讲解了流行和摇滚音乐风格中最新、最专业的键盘技巧;作为一本词典,它包含了常用调式里所有的音阶与和弦,以及节奏类型和专业术语(乃至更多)。
●
相关链接 在E读中查询图书 在五车中查询图书 在当当中查询图书 在豆瓣中查询图书


正题名:1000个键盘技巧     索取号:J624.06/223         预约/预借

序号 登录号 条形码 馆藏地/架位号 状态 备注
1 796378   207963783   第一样本阅览室/ [索取号:J624.06/223] 在馆    
2 796379   207963792   第一借阅区/ [索取号:J624.06/223] 在馆    
3 796380   207963809   第一借阅区/ [索取号:J624.06/223] 在馆    
4 796381   207963818   第一借阅区/ [索取号:J624.06/223] 在馆    
5 796382   207963827   密集书库-音乐系/ [索取号:J624.06/223] 在馆    
唐山师范学院图书馆 欢迎您!
大连网信软件有限公司© 版权所有